000 00703nam a22002417a 4500
005 20170124110008.0
010 _aA-583121
020 _c00.00
_a0195630661
035 _aA-583121
037 _bCen Lib/Ret
040 _aDPL
_bEN
082 _a306.2
_bBET
100 _aBeteille,Andre
_94026
245 _aSociety and politics in India :
_cby Andre Beteille
_bessays in a comparative perspective /
260 _aBombay
_bDelhi oxford university press
_c1992
270 _aBombay
_bBombay
300 _a317p.
_c21cm(Hb)
500 _aIncludes index
650 _aPolitical science
_917166
650 _aSocial history
_97270
700 _916991
942 _2ddc
_cEN
_h306.2
_mBET
999 _c126297
_d126297